000 00880cam a2200253 i 4500
001 1707463
003 EG-ScBUE
005 20250730090745.0
008 690724t1969 caua f 001 0 eng d
040 _aDLC
_beng
_erda
_cDLC
_dDLC
_dEG-ScBUE
082 0 4 _a541.369
_222
_bPIM
100 1 _aPimentel, George C.,
_eauthor.
_96347
245 1 0 _aUnderstanding chemical thermodynamics /
_cGeorge C. Pimentel, University of California, Berkeley, Richard D. Spratley, University of British Columbia.
264 1 _aSan Francisco :
_bHolden-Day,
_c[1969]
264 4 _cc1969
300 _a219 pages :
_billustrations ;
_c23 cm
336 _2rdacontent
_atext
_btxt
337 _aunmediated
_2rdamedia
_bn
338 _avolume
_bnc
_2rdacarrier
650 7 _aThermodynamics.
_2BUEsh
_96348
655 _vReading book
700 1 _aSpratley, Richard D.,
_ejoint author.
_96349
942 _2ddc
_cBB
999 _c11878
_d11878